| 000 | 00906nam a2200277Ia 4500 | ||
|---|---|---|---|
| 001 | Para_1633 | ||
| 003 | CHAP | ||
| 008 | 220125s1987 xx 000 0 und d | ||
| 010 | _a200270 | ||
| 040 | _cCHAP | ||
| 082 | _aPA 634.304 C4 | ||
| 100 |
_aCepeda Siller, Melchor _921318 |
||
| 245 |
_aEl nemátodo de los cítricos Tylenchulus semipenetrons Cobb. / _c por Melchor Cepeda Siller y Salustiano Jiménez Catarino |
||
| 260 |
_aSaltillo, Coah. : _b Universidad Autónoma Agraria "Antonio Narro". División Agronomía |
||
| 300 | _a122 h. | ||
| 650 |
_aCitricos _x enfermedades por nemátodos _924426 |
||
| 650 |
_aTylenchus semipenetrans _9115732 |
||
| 700 |
_aJiménez Catarino, Salustiano _961467 |
||
| 901 | _aPA 634.304 C4 | ||
| 902 | _aA | ||
| 905 | _a0000001987 0000000000 00 | ||
| 910 | _a1987 | ||
| 942 | _cPARA | ||
| 942 |
_cPARA _d1 |
||
| 999 |
_c200270 _d200270 |
||